Surface water supply of Oregon, 1878-1910 / (Record no. 25613)
[ view plain ]
| 000 -LEADER | |
|---|---|
| fixed length control field | 01294cam a22003011 4500 |
| 001 - CONTROL NUMBER | |
| control field | gs 15000986 |
| 003 - CONTROL NUMBER IDENTIFIER | |
| control field | DLC |
| 005 - DATE AND TIME OF LATEST TRANSACTION | |
| control field | 20260227111319.0 |
| 007 - PHYSICAL DESCRIPTION FIXED FIELD--GENERAL INFORMATION | |
| fixed length control field | cr_||||||||||| |
| 008 - FIXED-LENGTH DATA ELEMENTS--GENERAL INFORMATION | |
| fixed length control field | 840928s1915 dcubdf f000 0 eng c |
| 010 ## - LIBRARY OF CONGRESS CONTROL NUMBER | |
| LC control number | gs 15000986 |
| 035 ## - SYSTEM CONTROL NUMBER | |
| System control number | (OCoLC)11209635 |
| 040 ## - CATALOGING SOURCE | |
| Original cataloging agency | U.S. Geol. survey. Library |
| Transcribing agency | CLS |
| Modifying agency | DLC |
| 042 ## - AUTHENTICATION CODE | |
| Authentication code | premarc |
| 050 00 - LIBRARY OF CONGRESS CALL NUMBER | |
| Classification number | TC801 |
| Item number | .U2 no. 370 |
| 051 ## - LIBRARY OF CONGRESS COPY, ISSUE, OFFPRINT STATEMENT | |
| Classification number | GB1225.O7 |
| Item number | H4 |
| 100 1# - MAIN ENTRY--PERSONAL NAME | |
| Personal name | Henshaw, Fred F. |
| Fuller form of name | (Fred Forbes), |
| Dates associated with a name | 1884-1933. |
| 245 10 - TITLE STATEMENT | |
| Title | Surface water supply of Oregon, 1878-1910 / |
| Statement of responsibility, etc. | by F.F. Henshaw and H.J. Dean ; prepared in cooperation with the State of Oregon, John H. Lewis, State Engineer. |
| 260 ## - PUBLICATION, DISTRIBUTION, ETC. | |
| Place of publication, distribution, etc. | Washington : |
| Name of publisher, distributor, etc. | Govt. Print. Off., |
| Date of publication, distribution, etc. | 1915. |
| 300 ## - PHYSICAL DESCRIPTION | |
| Extent | vii, 829 p., [1] leaf of plates : |
| Other physical details | fold. maps ; charts ; |
| Dimensions | 24 cm. |
| 440 #0 - SERIES STATEMENT/ADDED ENTRY--TITLE | |
| Title | Geological Survey water-supply paper ; |
| Volume/sequential designation | 370 |
| 501 ## - WITH NOTE | |
| With note | TC801.U2 no. 370 with: Equipment for current-meter gaging stations / by G.J. Lyon. Washington : Govt. Print. Off., 1915. Bound together subsequent to publication. |
| Institution to which field applies | DLC |
| 530 ## - ADDITIONAL PHYSICAL FORM AVAILABLE NOTE | |
| Additional physical form available note | Also available in digital form on the Internet Archive Web site. |
| 650 #0 - SUBJECT ADDED ENTRY--TOPICAL TERM | |
| Topical term or geographic name entry element | Water-supply |
| Geographic subdivision | Oregon. |
| 700 1# - ADDED ENTRY--PERSONAL NAME | |
| Personal name | Dean, Henry Jennings, |
| Dates associated with a name | 1886- |
| 710 1# - ADDED ENTRY--CORPORATE NAME | |
| Corporate name or jurisdiction name as entry element | Oregon. |
| Subordinate unit | State Engineer. |
| 856 41 - ELECTRONIC LOCATION AND ACCESS | |
| Uniform Resource Identifier | <a href="http://hdl.loc.gov/loc.gdc/scd0001.00199536953">http://hdl.loc.gov/loc.gdc/scd0001.00199536953</a> |
No items available.